000 00610nam a22001817a 4500
005 20251108172325.0
008 250721s1997 xx 000 0 ara d
082 1 4 _a956.421/ندو
111 2 _aندوة يوم القدس ( السابعة : 1996 : عمان )
245 1 0 _aيوم القدس :
_bأبحاث الندوة السابعة - الحقوق العربية الثابتة في القدس /
264 1 _aعمان :
_bلجنة يوم القدس،
_c1997.
300 _a427ص.
650 1 7 _aالتاريخ
650 1 7 _aفلسطين
650 1 7 _aالقدس
942 _2ddc
_cBK
999 _c76195
_d76195